Golovin y el crimen mágico / (Record no. 134246)
[ view plain ]
| 000 -LEADER | |
|---|---|
| campo de control de longitud fija | 00692nam a2200205 i 4500 |
| 001 - NÚMERO DE CONTROL | |
| campo de control | 134246 |
| 003 - IDENTIFICADOR DE NÚMERO DE CONTROL | |
| campo de control | ES-MaACL |
| 005 - FECHA Y HORA DE LA ÚLTIMA TRANSACCIÓN | |
| campo de control | 20231102063034.0 |
| 007 - CAMPO FIJO DE DESCRIPCIÓN FÍSICA--INFORMACIÓN GENERAL | |
| campo de control de longitud fija | t| |
| 008 - DATOS DE LONGITUD FIJA--INFORMACIÓN GENERAL | |
| campo de control de longitud fija | 070907s1944 ag ||||1| spa d |
| 100 1# - ENTRADA PRINCIPAL--NOMBRE DE PERSONA | |
| Nombre de persona | Wassermann, Jakob, |
| Fechas asociadas al nombre | 1873-1934 |
| 9 (RLIN) | 116154 |
| 245 10 - MENCIÓN DEL TÍTULO | |
| Título | Golovin y el crimen mágico / |
| Mención de responsabilidad, etc. | Jakob Wassermann ; [traducción de F. Oliver Brachfeld y Alfredo Cahn] ; prólogo de Lázaro Liacho. |
| 260 ## - PUBLICACIÓN, DISTRIBUCIÓN, ETC. | |
| Lugar de publicación, distribución, etc. | Buenos Aires : |
| Nombre del editor, distribuidor, etc. | Santiago Rueda, |
| Fecha de publicación, distribución, etc. | [1944] |
| 300 ## - DESCRIPCIÓN FÍSICA | |
| Extensión | 264 p. ; |
| Dimensiones | 21 cm. |
| 700 1# - ENTRADA AGREGADA--NOMBRE PERSONAL | |
| Nombre de persona | Oliver Brachfeld, F. |
| 9 (RLIN) | 86832 |
| 700 1# - ENTRADA AGREGADA--NOMBRE PERSONAL | |
| Nombre de persona | Cahn, Alfredo. |
| 9 (RLIN) | 33446 |
| 700 1# - ENTRADA AGREGADA--NOMBRE PERSONAL | |
| Nombre de persona | Liacho, Lázaro. |
| 9 (RLIN) | 72145 |
| 852 ## - LOCALIZACIÓN | |
| Ubicación | ES-MaACL |
| Número de control de estantería | E-1850 |
| Sublocalización o colección | R.22854 |
| Estatus retirado | Estado de pérdida | Estado de daño | No para préstamo | Biblioteca de origen | Biblioteca actual | Ubicación en estantería | Fecha de adquisición | Fuente de adquisición | Total de préstamos | Signatura topográfica completa | Código de barras | Visto por última vez | Precio de reemplazo | Tipo de ítem Koha |
|---|---|---|---|---|---|---|---|---|---|---|---|---|---|---|
| Biblioteca del Ateneo de Madrid | Biblioteca del Ateneo de Madrid | Depósito 2 | 17/01/2008 | E-1850 | 1139740 | 23/02/2023 | 23/02/2023 | Libro impreso |
